| 000 | 00515nam a2200181Ia 4500 | ||
|---|---|---|---|
| 003 | GCL | ||
| 008 | 140319s9999 xx 000 0 ara d | ||
| 040 |
_aGCL / _cGCL |
||
| 082 | 0 | 4 |
_a515.22 _bج د |
| 100 | 1 | _aجلفاند | |
| 245 | 1 | 0 |
_aالدوال ومنحنياتها / _cجلفاند |
| 700 | 1 | _aجلاجولينا | |
| 700 | 1 | _aشنول | |
| 490 |
_aمطبوعات المدرسة الفيزيائية والرياضية _v0 |
||
| 650 | 0 | 4 | _aالرياضيات |
| 650 | 0 | 4 | _aالدوال |
| 942 |
_2ddc _cBK |
||
| 999 |
_c48509 _d48509 |
||